| 000 | 00465pab a2200181 454500 | ||
|---|---|---|---|
| 008 | 180718b2009 xxu||||| |||| 00| 0 eng d | ||
| 100 | _aNewman, Meredith A. | ||
| 245 | _aBeyond cognition: affective leadership and emotional labor | ||
| 260 | _c2009 | ||
| 300 | _ap.6-20. | ||
| 362 | _aJan-Feb | ||
| 650 | _aLeadership | ||
| 700 | _aMastracci, Sharon H. | ||
| 700 | _aGuy, Mary E. | ||
| 773 | _aPublic Administration Review | ||
| 908 | _aN | ||
| 909 | _a83877 | ||
| 999 |
_c83877 _d83877 |
||